Responses for Show #2716 - Monday, May 27, 1996

Contestants

[<< previous game]

Sharon Heiman, a speech-language pathologist from Austin, Texas

Steve Cunningham, a mortgage banker from Glastonbury, Connecticut

Don Lemmer, an attorney originally from Fort Campbell, Kentucky (whose 1-day cash winnings total $17,599)

[next game >>]

Jeopardy! Round responses

EXODUS
(Alex: As in the Bible.)
TELEVISION
JANUARY 11, 1996
IRELAND
1960s NO. 1 HITS
FAMOUS HOMES
(Alex: We will tell you about the home; you identify the famous person that owned that home.)
    $100 26
Yahweh

Steve
    $100 1
Aaron Spelling

Sharon
    $100 18
Japan

Don
    $100 16
(Don: What are cattle?)

horses

DonSteve
    $100 11
The Beach Boys

Don
    $100 6
Henry Ford

Sharon
    $200 27
manna

Steve
    $200 2
Bryant Gumbel

Sharon
    $200 22
Calypso

Don
    $200 17
Cork

Sharon
    $200 12
Motown

Don
    $200 7
Oliver Wendell Holmes

Sharon
    $300 28
to kill all the newborn male children

Don
    $300 3
Monty Hall

Don
    $300 23
Jimmy Johnson

Sharon
    $300 19
Ronald Reagan

Steve
    $300 13
The Temptations

Don
    $300 8
Martin Van Buren

Don
    $400 29
12

Sharon
    $400 4
Friends

Steve
    $400 24
Francois Mitterrand

Steve
    $400 20
the Blarney Stone

Steve
    $400 14
Lawrence Welk

Don
    $400 9
Winston Churchill

Steve
    $500 30
excess interest

Steve
    $500 5
(Don: Who is Pat Robinson?)

Pat Robertson

DonSharon
    $500 25
newts

Triple Stumper
    $500 21
shorthand

Don
    $500 15
"Sherry"

Steve
    $500 10
(Alex: Anything?)
(Steve: No, I don't know.)

Frank Lloyd Wright

Steve

Scores at the first commercial break (after clue 14):

Don Steve Sharon
$1,100 $300 $1,100

Scores at the end of the Jeopardy! Round:

Don Steve Sharon
$2,100 $2,800 $2,000

Double Jeopardy! Round responses

HAWAIIANS
HOLIDAYS & OBSERVANCES
SCIENCE
OPERAS & OPERETTAS
THE 20th CENTURY
PLAYS
    $200 6
Miss America

Don
    $200 1
December 31st

Sharon
    $200 13
amber

Don
    $200 7
Mexico

Triple Stumper
    $200 14
Steve Martin

Don
    $400 12
sumo wrestling

Sharon
    $400 2
Arbor Day

Sharon
    $400 17
(Steve: What is magnesium?)
(Don: What is maganese?)

manganese

DonSteve
Triple Stumper
    $400 8
CIO (Congress of Industrial Organizations)

Don
    $400 15
Our Town

Steve
    $600 3
St. Paul

Steve
    $600 18
(Don: What is condensation?)
(Sharon: What is the condensation point?)

dew point

DonSharon
Triple Stumper
    $600 22
H.M.S. PInafore

Don
    $600 9
General Motors & General Electric

Don
    $600 16
The Seagull

Sharon
    $1,400 4
France

Steve
    $800 20
centrifuge

Steve
    $800 23
The Merry Widow

Sharon
    $800 10
Norway

Don
    $800 19
Bell, Book and Candle

Sharon
    $1000 5
Colombia

Don
    $1000 21
(Sharon: What is Mir?)
(Don: What is Soyuz?)
(Alex: Minute to go, Steve.)

Salyut

DonSharon
Triple Stumper
    $1000 25
[end-of-round signal sounds]

Benjamin Britten

Triple Stumper
    $1000 11
Burma

Don
    $1,200 24
(Sharon: [no answer])

Our American Cousin

Sharon

Scores at the end of the Double Jeopardy! Round:

Don Steve Sharon
$5,100 $5,600 $2,400

[wagering suggestions for these scores]

Final Jeopardy! Round responses

ANAGRAMS
(Alex: We need two words.)
SharonWhat are dwellin
$2,399
DonWhat is
$5,099
SteveWhat are
$5,000
abode & adobe

Final scores:

Don Steve Sharon
$1 $600 $1
2nd place: Broyhill Fontana living room set New champion: $600 3rd place: Official international flag collectors' pin set of the 1996 Atlanta Olympic Games

Game dynamics:

Coryat scores:

Don Steve Sharon
$5,100 $5,500 $3,600
19 R,
5 W
14 R
(including 1 DD),
2 W
(including 1 DD)
14 R,
3 W
(including 1 DD)

Combined Coryat: $14,200

[game clues] [game scores] [suggest correction]

Game tape date: Unknown
The J! Archive is created by fans, for fans. Scraping, republication, monetization, and malicious use prohibited; this site may use cookies and collect identifying information. See terms. The Jeopardy! game show and all elements thereof, including but not limited to copyright and trademark thereto, are the property of Jeopardy Productions, Inc. and are protected under law. This website is not affiliated with, sponsored by, or operated by Jeopardy Productions, Inc. Join the discussion at JBoard.tv.